Master dyers to the world (Record no. 10115)

MARC details
000 -CABECERA
campo de control de longitud fija 01041nam a2200265 a 4500
001 - NÚMERO DE CONTROL
campo de control BRL_1303
005 - FECHA Y HORA DE LA ÚLTIMA TRANSACCIÓN
campo de control 20190320211133.0
008 - DATOS DE LONGITUD FIJA--INFORMACIÓN GENERAL
campo de control de longitud fija 030114t1982----u--aob####---#000-0#eng-#
020 ## - NÚMERO INTERNACIONAL ESTÁNDAR DEL LIBRO
Número Internacional Estándar del Libro 0874050200
041 ## - CÓDIGO DE LENGUA
Código de lengua del texto/banda sonora o título independiente eng
044 ## - CÓDIGO DEL PAÍS DE LA ENTIDAD EDITORA/PRODUCTORA
Código MARC del país u
050 #4 - SIGNATURA TOPOGRÁFICA DE LA BIBLIOTECA DEL CONGRESO
Número de clasificación TS1557.U62
Número de documento/Ítem .G58 1982
100 1# - ENTRADA PRINCIPAL--NOMBRE DE PERSONA
Nombre de persona Gittinger, Mattiebelle
9 (RLIN) 26434
245 10 - MENCIÓN DE TÍTULO
Título Master dyers to the world
Resto del título technique and trade in early Indian dyed cotton textiles
Mención de responsabilidad, etc. Mattiebelle Gittinger.
260 ## - PUBLICACIÓN, DISTRIBUCIÓN, ETC.
Lugar de publicación, distribución, etc. Washington, D.C.
Nombre del editor, distribuidor, etc. The Textil Museum
Fecha de publicación, distribución, etc. 1982
300 ## - DESCRIPCIÓN FÍSICA
Extensión 207 p.
Otras características físicas il. a color, mapas
Dimensiones 30 cm.
500 ## - NOTA GENERAL
Nota general Au1543
500 ## - NOTA GENERAL
Nota general Published in conjunction with the exhibition Master dyers to the world held at the Textile Museum, Washington, D.C., the Field Museum of Natural History, Chicago, and the Asia Society Gallery, New York
504 ## - NOTA DE BIBLIOGRAFÍA, ETC.
Nota de bibliografía, etc. Bibliografía: p. 200-207
650 14 - PUNTO DE ACCESO ADICIONAL DE MATERIA--TÉRMINO DE MATERIA
Término de materia o nombre geográfico como elemento de entrada Textiles de algodón
Subdivisión de forma Exposiciones
Subdivisión geográfica India
9 (RLIN) 26435
650 14 - PUNTO DE ACCESO ADICIONAL DE MATERIA--TÉRMINO DE MATERIA
Término de materia o nombre geográfico como elemento de entrada Textiles
Subdivisión de forma Exposiciones
Subdivisión geográfica India
9 (RLIN) 26436
710 2# - PUNTO DE ACCESO ADICIONAL--NOMBRE DE ENTIDAD CORPORATIVA
Nombre de entidad corporativa o nombre de jurisdicción como elemento de entrada Textile Museum (Washington, D.C.)
9 (RLIN) 26437
902 ## - CATALOGADOR
Iniciales GRL
942 ## - ELEMENTOS DE PUNTO DE ACCESO ADICIONAL (KOHA)
Fuente del sistema de clasificación o colocación Library of Congress Classification
Tipo de ítem Koha Libros
Holdings
Estado de retiro Estado de pérdida Estado dañado No para préstamo Localización permanente Ubicación/localización actual Fecha de adquisición Número de inventario Total de préstamos Signatura topográfica completa Código de barras Fecha visto por última vez Precio válido a partir de Tipo de ítem Koha
El ejemplar forma parte de la colección y puede ser consultado según las políticas vigentes.       Biblioteca Centro de Estudios Ruth D. Lechuga Biblioteca Centro de Estudios Ruth D. Lechuga 03/01/2014 Au1543   TS1557.U62 .G58 1982 (Au1543) GRL01464 22/03/2019 22/03/2019 Libros